Prevalencia de pacientes con ITS/VIH SIDA : (Registro nro. 36489)
[ vista simple ]
| 000 -CABECERA | |
|---|---|
| campo de control de longitud fija | 00527nam a2200145 a 4500 |
| 001 - NÚMERO DE CONTROL | |
| campo de control | 000036999 |
| 005 - FECHA Y HORA DE LA ÚLTIMA TRANSACCIÓN | |
| campo de control | 20200930080055.0 |
| 008 - DATOS DE LONGITUD FIJA--INFORMACIÓN GENERAL | |
| campo de control de longitud fija | 120207s2011 dr d 000 0 spa d |
| 040 ## - FUENTE DE LA CATALOGACIÓN | |
| Centro catalogador/agencia de origen | DO-SdBNP |
| Lengua de catalogación | spa |
| Centro/agencia transcriptor | BNPHU |
| 082 ## - NÚMERO DE LA CLASIFICACIÓN DECIMAL DEWEY | |
| Número de clasificación | xxx |
| Número de documento/Ítem | M425p |
| 100 1# - ENTRADA PRINCIPAL--NOMBRE DE PERSONA | |
| Nombre de persona | Mateo, Ramona, |
| Fechas asociadas al nombre | 1956- |
| 9 (RLIN) | 63394 |
| 245 10 - MENCIÓN DE TÍTULO | |
| Título | Prevalencia de pacientes con ITS/VIH SIDA : |
| Resto del título | En la provincia de San Cristóbal, R. D., Hospital Centro Integral Juan Pablo Pina / |
| Mención de responsabilidad, etc. | Ramona Mateo. |
| 260 ## - PUBLICACIÓN, DISTRIBUCIÓN, ETC. | |
| Lugar de publicación, distribución, etc. | Santo Domingo : |
| Nombre del editor, distribuidor, etc. | Margraf, |
| Fecha de publicación, distribución, etc. | 2011. |
| 300 ## - DESCRIPCIÓN FÍSICA | |
| Extensión | 152 p. : |
| Otras características físicas | il., diagrs. ; |
| Dimensiones | 22 cm. |
| Estado de retiro | Estado de pérdida | No para préstamo | Código de colección | Localización permanente | Ubicación/localización actual | Ubicación en estantería | Fecha de adquisición | Número de inventario | Total de préstamos | Signatura topográfica completa | Código de barras | Fecha visto por última vez | Número de copia | Precio válido a partir de | Tipo de ítem Koha |
|---|---|---|---|---|---|---|---|---|---|---|---|---|---|---|---|
| Excluido de préstamo | Dominicana de Servicio | General | General | En catalogación | 07.02.2012 | LF1 | xxx M425p | 36999-30 | 25.06.2020 | e.3 | 25.06.2020 | Libro y Folleto Colección Dominicana de Servicio | |||
| Excluido de préstamo | Patrimonio Dominicano | Patrimonio Dominicano | Patrimonio Dominicano | En catalogación | 07.02.2012 | LF1 | xxx M425p | 36999-10 | 25.06.2020 | 25.06.2020 | Libro y Folleto Colección Patrimonio Dominicano | ||||
| Excluido de préstamo | Patrimonio Dominicano | Patrimonio Dominicano | Patrimonio Dominicano | En catalogación | 07.02.2012 | LF1 | xxx M425p | 36999-20 | 25.06.2020 | e.2 | 25.06.2020 | Libro y Folleto Colección Patrimonio Dominicano |
